00978nam a2200217 a 450000100100000000500170001000800410002702000180006804000250008608200110011110000230012224501040014526000690024930000280031859000260034670000320037295201150040495201090051995201150062899900170074300004870720240307183156.0190410s2016 dr a 000 0 spa d a9789945890235 aDO-SdBNPbspacBNPHU axxbxx1 aCabral, Euri9109710aMatrimonios sanos y felices :bsembrando valores para lograrlo /cEuri Cabral, Zinayda Rodríguez. aSanto Domingo, República Dominicana :bEditorial Ianna,c2016. a213 p. :bil. ;c17 cm. aInventariado, 2019/VM1 aRodríguez, Zinayda976164 0010718DSaGRbGRcHDd2019-04-10iLF1l0oxx xxp48707-30r2020-06-25te. 3w2020-06-25yLFDSZNo se presta 0010718PDaPDbPDcHDd2019-04-10iLF1l0oxx xxp48707-10r2020-06-25w2020-06-25yLFPDZNo se presta 0010718PDaPDbPDcHDd2019-04-10iLF1l0oxx xxp48707-20r2020-06-25te. 2w2020-06-25yLFPDZNo se presta c48195d48195